000 00718nam a2200253 i 4500
001 88537
003 ES-MaACL
005 20250807210240.0
007 t|
008 050104s1965 sp ||||1| spa d
080 _a613.88
080 _a618.17
100 1 _aLamare, Nöel.
_969772
245 1 0 _aConocimiento sexual de la mujer /
_cNöel Lamare ; [traducido al castellano por José Clusa].
250 _a1ª ed.
260 _aBarcelona :
_bFontanella,
_c1965.
300 _a264 p. ;
_c19 cm.
490 1 _aSexualidad ;
_v4
650 4 _aMujeres-
_xConducta sexual
_915259
700 1 _aClusa, José.
_939317
830 1 _aSexualidad ;
_v4
_9184060
852 4 _aES-MaACL
_jC-27226
999 _c88537
_d88537